[Event "26th Abu Dhabi Masters"]
[Site "Abu Dhabi UAE"]
[Date "2019.08.08"]
[Round "7.73"]
[White "Mohamed, Faisal"]
[Black "Thrish, Karthik"]
[Result "1/2-1/2"]
[WhiteTitle "FM"]
[WhiteElo "2150"]
[BlackElo "2075"]
[WhiteFideId "12202606"]
[BlackFideId "46626433"]
[EventDate "2019.08.02"]

1. Nf3 Nf6 2. c4 g6 3. Nc3 Bg7 4. g3 O-O 5. Bg2 d6 6. d4 Nbd7 7. O-O e5 8. e4 c6
9. b3 Re8 10. Bb2 exd4 11. Nxd4 Nc5 12. Re1 Qb6 13. Rb1 Bg4 14. Qd2 Rad8 15. Ba1
a5 16. a3 Bc8 17. b4 axb4 18. axb4 Ne6 19. Nc2 Qc7 20. Ne3 Nd7 21. Ne2 Bxa1 22.
Rxa1 Nf6 23. Nc3 Ng7 24. Qd4 Qe7 25. f4 h5 26. h3 h4 27. g4 Ne6 28. Qd2 Nxf4 29.
Nf5 Qe5 30. Nxh4 Nxh3+ 31. Bxh3 Qg3+ 32. Ng2 Qxh3 33. Re3 Qh6 34. Qd3 Bxg4 35.
Rf1 Nh5 36. b5 Qg5 37. bxc6 bxc6 38. Nb1 Be6 39. Nd2 Qg4 40. Ref3 Qg5 41. Re3
Qc5 42. Rc1 Nf6 43. Nb3 Qg5 44. Rg3 Qe5 45. Re1 Nh5 46. Rf3 Bg4 47. Rf2 Qg5 48.
Ref1 Be6 49. Nd4 Ng3 50. Re1 Nh5 51. Nxc6 Rc8 52. Qxd6 Bxc4 53. e5 Re6 54. Qd7
Ree8 55. Qd6 1/2-1/2

[Event "26th Abu Dhabi Masters"]
[Site "Abu Dhabi UAE"]
[Date "2019.08.08"]
[Round "7.74"]
[White "Haase, Pavel"]
[Black "Ammar, Sedrani"]
[Result "1/2-1/2"]
[WhiteTitle "CM"]
[BlackTitle "FM"]
[WhiteElo "2128"]
[BlackElo "2024"]
[WhiteFideId "360392"]
[BlackFideId "9312331"]
[EventDate "2019.08.02"]

1. f4 d5 2. Nf3 g6 3. e3 Bg7 4. Be2 Nf6 5. O-O O-O 6. d4 b6 7. c4 e6 8. Nc3 Bb7
9. b3 Nbd7 10. Ba3 Re8 11. Rc1 a6 12. Ne5 Rc8 13. c5 bxc5 14. Bxa6 Bxa6 15. Nc6
Bxf1 16. Nxd8 cxd4 17. exd4 Rexd8 18. Kxf1 Ne4 19. Be7 Re8 20. Nxe4 dxe4 21. Bc5
Nxc5 22. Rxc5 Red8 23. Rc4 f5 24. Qc2 Bxd4 25. Rxc7 Rxc7 26. Qxc7 Bf6 27. Ke2
Rd3 28. Qc8+ Kf7 29. Qc7+ Kg8 30. Qc2 Rc3 31. Qd1 Rd3 32. Qb1 Bc3 33. Qc1 Kf7
34. a3 Rd2+ 35. Kf1 Rd3 36. b4 Bd4 37. Qc7+ Kf6 38. Qd8+ Kf7 39. Qd7+ Kf6 40.
Qe8 Kg7 41. Qxe6 e3 42. b5 Rd2 43. Qc4 Kh6 44. a4 Bb6 45. Qb4 Rd4 46. Qf8+ Kh5
47. g3 Kg4 48. Qa8 Rd1+ 49. Ke2 Rd2+ 50. Ke1 Rxh2 51. Qa6 Bc5 52. b6 Bb4+ 53.
Kf1 e2+ 54. Qxe2+ Rxe2 55. Kxe2 Kxg3 56. Kd3 Bc5 57. a5 h5 58. Kc4 Be3 59. Kb5
h4 60. a6 h3 61. a7 h2 62. a8=Q Bxf4 63. Kc4 Kf2 64. Kd3 Kg1 65. Qa1+ Kg2 1/2-1/2

[Event "26th Abu Dhabi Masters"]
[Site "Abu Dhabi UAE"]
[Date "2019.08.09"]
[Round "8.1"]
[White "Jobava, Baadur"]
[Black "Bartel, Mateusz"]
[Result "1-0"]
[WhiteTitle "GM"]
[BlackTitle "GM"]
[WhiteElo "2584"]
[BlackElo "2612"]
[WhiteFideId "13601520"]
[BlackFideId "1112635"]
[EventDate "2019.08.02"]

1. b3 e5 2. Bb2 d6 3. e3 Nf6 4. Ne2 c6 5. g3 h5 6. h3 Bf5 7. Bg2 Be4 8. Bxe4
Nxe4 9. d3 Nf6 10. Nd2 Nbd7 11. O-O Qe7 12. Kg2 g6 13. a4 Bg7 14. e4 O-O 15. Nc4
Nh7 16. Ba3 Nc5 17. Nc3 Rad8 18. b4 Ne6 19. b5 h4 20. a5 a6 21. bxc6 bxc6 22.
Rb1 f5 23. Rb6 Nd4 24. Rxa6 Ng5 25. exf5 hxg3 26. fxg3 gxf5 27. Ne2 Nde6 28. h4
f4 29. Bxd6 Rxd6 30. hxg5 Rd5 31. Nc3 Nxg5 32. Nxd5 cxd5 33. Nxe5 Qxe5 34. gxf4
Qf5 35. Qh5 Qc8 36. Rg6 Nh7 37. Qxd5+ Rf7 38. Rg1 Nf8 39. Rg3 Qa6 40. Rxg7+ Kxg7
41. Kh2+ Ng6 42. f5 1-0

[Event "26th Abu Dhabi Masters"]
[Site "Abu Dhabi UAE"]
[Date "2019.08.09"]
[Round "8.2"]
[White "Socko, Bartosz"]
[Black "Ni, Hua"]
[Result "1/2-1/2"]
[WhiteTitle "GM"]
[BlackTitle "GM"]
[WhiteElo "2625"]
[BlackElo "2668"]
[WhiteFideId "1107038"]
[BlackFideId "8601160"]
[EventDate "2019.08.02"]

1. e4 e5 2. Nf3 Nf6 3. Nxe5 d6 4. Nf3 Nxe4 5. d4 d5 6. Bd3 Bf5 7. O-O Be7 8. Re1
O-O 9. c4 Nc6 10. cxd5 Qxd5 11. Bxe4 Bxe4 12. Nc3 Bxf3 13. Nxd5 Bxd1 14. Nxe7+
Nxe7 15. Rxe7 Rfe8 1/2-1/2

[Event "26th Abu Dhabi Masters"]
[Site "Abu Dhabi UAE"]
[Date "2019.08.09"]
[Round "8.3"]
[White "Yakubboev, Nodirbek"]
[Black "Karthikeyan, Murali"]
[Result "1-0"]
[WhiteTitle "GM"]
[BlackTitle "GM"]
[WhiteElo "2574"]
[BlackElo "2612"]
[WhiteFideId "14203987"]
[BlackFideId "5074452"]
[EventDate "2019.08.02"]

1. d4 Nf6 2. c4 g6 3. Nc3 Bg7 4. e4 d6 5. h3 O-O 6. Be3 Na6 7. Nf3 e5 8. d5 Nh5
9. g3 f5 10. exf5 gxf5 11. Nh4 Nf6 12. Be2 c5 13. Qb1 f4 14. Bd2 fxg3 15. fxg3
e4 16. a3 Qe7 17. Ng2 b5 18. cxb5 Nc7 19. Qa2 a6 20. Ne3 axb5 21. Nxb5 Nxb5 22.
Bxb5 Rb8 23. a4 Nh5 24. O-O-O Bd7 25. Qc4 Rf3 26. Nc2 Bxb5 27. axb5 Qe8 28. Na3
Nxg3 29. Rhg1 Qe5 30. Bc3 Qg5+ 31. Kc2 Bxc3 32. bxc3 Kh8 33. Kb3 Qe5 34. Rge1 e3
35. Qg4 Rf4 36. Qe6 c4+ 37. Kb4 Qxe6 38. dxe6 e2 39. Rxd6 Rf1 40. e7 Rxe1 41.
Rd8+ Kg7 42. Rxb8 Rb1+ 43. Nxb1 e1=Q 44. e8=Q Qxb1+ 45. Ka5 Nf5 46. Qg8+ Kh6 47.
Rb6+ 1-0

[Event "26th Abu Dhabi Masters"]
[Site "Abu Dhabi UAE"]
[Date "2019.08.09"]
[Round "8.4"]
[White "Antipov, Mikhail Al."]
[Black "Indjic, Aleksandar"]
[Result "0-1"]
[WhiteTitle "GM"]
[BlackTitle "GM"]
[WhiteElo "2599"]
[BlackElo "2617"]
[WhiteFideId "4107012"]
[BlackFideId "911925"]
[EventDate "2019.08.02"]

1. e4 e5 2. Nf3 Nc6 3. Bb5 a6 4. Ba4 Nf6 5. O-O Be7 6. Re1 b5 7. Bb3 d6 8. c3
O-O 9. h3 Nb8 10. d4 Nbd7 11. Nbd2 Bb7 12. Bc2 Re8 13. Nf1 Bf8 14. Ng3 g6 15. a4
c5 16. d5 c4 17. Be3 Nc5 18. Bxc5 dxc5 19. Qd2 Re7 20. Qg5 Bg7 21. Nf1 Ne8 22.
axb5 axb5 23. Rxa8 Bxa8 24. Ra1 Bb7 25. N1d2 Nd6 26. b3 cxb3 27. Nxb3 h6 28. Qe3
c4 29. Na5 Qc7 30. Nxb7 Qxb7 31. Qc5 Rd7 32. g4 Kf8 33. Ra5 f6 34. Qa3 Kf7 35.
Ra6 Bf8 36. Qa1 Ne8 37. h4 Nc7 38. Ra2 Qc8 39. Nh2 Bc5 40. g5 fxg5 41. hxg5 h5
42. Kh1 Kg7 43. f4 exf4 44. Qf1 Re7 45. Bb1 Qd7 46. Nf3 Be3 47. Qd1 b4 48. cxb4
Nb5 49. e5 Nc3 50. Qc2 Nxb1 51. Qxb1 Qxd5 52. Kg2 Qe6 53. Qf1 c3 54. Rc2 Ra7 55.
Kh1 Ra2 56. Rxa2 Qxa2 57. e6 c2 58. e7 Qa8 0-1

[Event "26th Abu Dhabi Masters"]
[Site "Abu Dhabi UAE"]
[Date "2019.08.09"]
[Round "8.5"]
[White "Maghsoodloo, Parham"]
[Black "Aleksandrov, Aleksej"]
[Result "1-0"]
[WhiteTitle "GM"]
[BlackTitle "GM"]
[WhiteElo "2656"]
[BlackElo "2571"]
[WhiteFideId "12539929"]
[BlackFideId "13500139"]
[EventDate "2019.08.02"]

1. f4 d5 2. Nf3 g6 3. g3 Bg7 4. Bg2 Nf6 5. O-O O-O 6. d3 c5 7. c3 d4 8. e4 dxe3
9. Bxe3 Qc7 10. Na3 e6 11. Qe2 b6 12. f5 exf5 13. Bf4 Qd8 14. Ne1 Nd5 15. c4 Bb7
16. cxd5 Bxd5 17. Nb5 Nc6 18. Nf3 Qd7 19. Qd2 Rad8 20. Nc3 Bxf3 21. Rxf3 Ne5 22.
Bxe5 Bxe5 23. Kh1 Bg7 24. Rd1 a6 25. Rff1 h5 26. Qc2 Rfe8 27. Nd5 Re6 28. Nf4
Rd6 29. Rde1 Bh6 30. Qc4 a5 31. b3 Rd4 32. Qa6 Qd6 33. Qb7 h4 34. Ne2 Rxd3 35.
gxh4 Bd2 36. Rd1 Kg7 37. Ng1 Qf6 38. Nf3 Bf4 39. Rxd3 Rxd3 40. Qa6 Re3 41. Qc4
Bc7 42. Qd5 Re4 43. h5 g5 44. Nxg5 Qxg5 45. Bxe4 Qh4 46. h6+ Qxh6 47. Rf2 Qc1+
48. Kg2 Qg5+ 49. Kf1 Qc1+ 50. Ke2 Qb2+ 51. Kf3 fxe4+ 52. Kg2 Qe5 53. Qxf7+ 1-0

[Event "26th Abu Dhabi Masters"]
[Site "Abu Dhabi UAE"]
[Date "2019.08.09"]
[Round "8.6"]
[White "Ter-Sahakyan, Samvel"]
[Black "Abdusattorov, Nodirbek"]
[Result "1/2-1/2"]
[WhiteTitle "GM"]
[BlackTitle "GM"]
[WhiteElo "2632"]
[BlackElo "2594"]
[WhiteFideId "13302531"]
[BlackFideId "14204118"]
[EventDate "2019.08.02"]

1. e4 c5 2. Nf3 d6 3. d4 cxd4 4. Nxd4 Nf6 5. Nc3 a6 6. Be2 e5 7. Nb3 Be7 8. Be3
Be6 9. Nd5 Nbd7 10. Qd3 Rc8 11. c4 O-O 12. O-O b5 13. cxb5 axb5 14. Rfd1 Bxd5
15. exd5 b4 16. h3 Ra8 17. Rdc1 Nb6 18. Bf3 Nfd7 19. Rc6 Na4 20. Qc2 f5 21. Be2
Kh8 22. Bd2 Rb8 23. Rd1 f4 24. Bg4 Nac5 25. Nxc5 Nxc5 26. Qc4 e4 27. Bxb4 Nd3
28. Bc3 Nxb2 29. Bxb2 Rxb2 30. Qxe4 Bh4 31. Rc8 Qe7 32. Re1 Rxc8 33. Qxe7 Bxe7
34. Bxc8 Rb8 35. Rxe7 Rxc8 36. Rd7 Kg8 37. Rxd6 Ra8 38. Rd7 Rxa2 39. Kf1 h5 40.
Ke1 Kh7 41. d6 Ra4 42. Ke2 Rd4 43. h4 Kg6 44. Kf3 Kf6 45. Rd8 Kf7 46. d7 Kg6 47.
g4 fxg3 48. Kxg3 Kf7 49. f3 g6 50. Kh3 Rd6 1/2-1/2

[Event "26th Abu Dhabi Masters"]
[Site "Abu Dhabi UAE"]
[Date "2019.08.09"]
[Round "8.7"]
[White "Can, Emre"]
[Black "Esipenko, Andrey"]
[Result "1/2-1/2"]
[WhiteTitle "GM"]
[BlackTitle "GM"]
[WhiteElo "2593"]
[BlackElo "2625"]
[WhiteFideId "6302181"]
[BlackFideId "24175439"]
[EventDate "2019.08.02"]

1. d4 Nf6 2. c4 e6 3. Nf3 d5 4. g3 Bb4+ 5. Bd2 Be7 6. Bg2 O-O 7. O-O Nbd7 8. Qc2
c6 9. Bf4 b6 10. Rd1 Ba6 11. Ne5 Rc8 12. Nc3 Bxc4 13. Nxc4 dxc4 14. e4 b5 15. a4
a6 16. axb5 axb5 17. d5 cxd5 18. exd5 e5 19. Bg5 b4 20. d6 bxc3 21. Ra7 Bxd6 22.
Rxd6 Rc7 23. Bxf6 gxf6 24. Rxc7 Qxc7 25. Rc6 Qb8 26. Qxc3 Qb3 27. Qxb3 cxb3 28.
Bh3 Nb8 29. Rxf6 Rd8 30. Rb6 Rd1+ 31. Kg2 Nd7 32. Rxb3 Nf6 33. Bf5 Rd2 34. Kf3
Kg7 35. Rb7 Ne8 36. Ke3 Rd4 37. Bd3 Nd6 38. Rb8 Nc4+ 39. Bxc4 Rxc4 40. Rd8 Rb4
41. Rd2 Kg6 42. Kd3 Rb8 43. Kc2 Rc8+ 44. Kb1 Rb8 45. Rd3 Kf5 46. Rf3+ Ke6 47.
Kc2 f5 48. Rb3 Ra8 49. Rb6+ Kd5 50. Kd3 Ra1 51. Rf6 e4+ 52. Ke3 Ke5 53. Rb6 Re1+
54. Kd2 Rh1 55. Rb5+ Kd4 56. Rxf5 Rxh2 57. Ke2 Rh1 58. Rf7 Rb1 59. Rb7 Ke5 60.
Ke3 Re1+ 61. Kd2 Rf1 62. Rf7 Kd4 63. Kc2 Kd5 64. Rd7+ Kc5 65. Rd2 Re1 66. Kc3 e3
67. fxe3 Rxe3+ 68. Rd3 Re4 69. Kd2 h5 70. Rc3+ Kb5 71. Rf3 h4 72. gxh4 Rxh4 73.
Kc3 1/2-1/2

[Event "26th Abu Dhabi Masters"]
[Site "Abu Dhabi UAE"]
[Date "2019.08.09"]
[Round "8.8"]
[White "Sengupta, Deep"]
[Black "Aravindh, Chithambaram VR."]
[Result "1/2-1/2"]
[WhiteTitle "GM"]
[BlackTitle "GM"]
[WhiteElo "2546"]
[BlackElo "2607"]
[WhiteFideId "5008352"]
[BlackFideId "5072786"]
[EventDate "2019.08.02"]

1. e4 e5 2. Nf3 Nc6 3. Bc4 Bc5 4. c3 Nf6 5. d4 exd4 6. e5 d5 7. Bb5 Ne4 8. cxd4
Bb6 9. Nc3 O-O 10. Be3 Bf5 11. O-O Ne7 12. Bd3 Qd7 13. Ne2 Ng6 14. Ne1 Rae8 15.
a4 c6 16. Nc2 f6 17. f3 Ng5 18. Bxf5 Qxf5 19. Ng3 Qc8 20. f4 Ne4 21. f5 Ne7 22.
e6 g6 23. Nxe4 dxe4 24. Qg4 Kg7 25. Rae1 h5 26. Qxe4 Nxf5 27. Bd2 Qd8 28. Rxf5
gxf5 29. Qe3 Rh8 30. Qg3+ Kh7 31. Qf4 Kg6 32. Qg3+ Kh7 33. Qf4 Kg6 34. Re3 h4
35. g4 Qd5 36. a5 Bc5 37. Rf3 Bd6 38. Qxf5+ Qxf5 39. gxf5+ Kh5 40. Ne3 Rhg8+ 41.
Kh1 Rg7 42. Be1 Reg8 43. Bf2 a6 44. Rh3 Rg4 45. Nxg4 Rxg4 46. Re3 Rg7 47. Re1
Bb4 48. Re4 Rg4 49. Re2 Be7 50. h3 Rf4 51. Kg2 Rxf5 52. Re4 Rxa5 53. Rxh4+ Kg6
54. Rh8 Rg5+ 55. Kf3 Kf5 56. Rb8 Kxe6 57. Rxb7 Rf5+ 58. Ke3 c5 59. Be1 cxd4+ 60.
Kxd4 Rd5+ 61. Kc4 Rc5+ 62. Kd3 Rc1 63. Bc3 Rh1 64. Rb6+ Kd5 65. Rxa6 Rxh3+ 66.
Ke2 Kc4 67. Re6 Bc5 68. Rxf6 Rh2+ 69. Kf3 Rf2+ 70. Ke4 Rxf6 71. Bxf6 Ba3 72.
bxa3 Kc5 1/2-1/2

[Event "26th Abu Dhabi Masters"]
[Site "Abu Dhabi UAE"]
[Date "2019.08.09"]
[Round "8.9"]
[White "Zubov, Alexander"]
[Black "Petrosyan, Manuel"]
[Result "1/2-1/2"]
[WhiteTitle "GM"]
[BlackTitle "GM"]
[WhiteElo "2607"]
[BlackElo "2592"]
[WhiteFideId "14109409"]
[BlackFideId "13300857"]
[EventDate "2019.08.02"]

1. e4 c6 2. d4 d5 3. exd5 cxd5 4. Bd3 Nc6 5. c3 Nf6 6. h3 g6 7. Qc2 Bg7 8. Nf3
Qc7 9. O-O O-O 10. Re1 a6 11. Nbd2 Nd7 12. Nb3 b5 13. a4 Rb8 14. axb5 axb5 15.
Bg5 e5 16. dxe5 Ndxe5 17. Nxe5 Nxe5 18. Nd4 Bd7 19. Bf1 Rfe8 20. Qd2 b4 21. Bf4
bxc3 22. bxc3 Qc5 23. Re3 Rbc8 24. Rae1 Nc4 25. Rxe8+ Rxe8 26. Rxe8+ 1/2-1/2

[Event "26th Abu Dhabi Masters"]
[Site "Abu Dhabi UAE"]
[Date "2019.08.09"]
[Round "8.10"]
[White "Yuffa, Daniil"]
[Black "Tabatabaei, M.amin"]
[Result "1/2-1/2"]
[WhiteTitle "GM"]
[BlackTitle "GM"]
[WhiteElo "2571"]
[BlackElo "2601"]
[WhiteFideId "24131423"]
[BlackFideId "12521213"]
[EventDate "2019.08.02"]

1. d4 Nf6 2. c4 e6 3. g3 d5 4. Bg2 Be7 5. Nf3 O-O 6. O-O Nbd7 7. Qc2 c6 8. Nbd2
b6 9. e4 dxc4 10. Nxc4 Bb7 11. b3 Rc8 12. Bb2 c5 13. e5 Nd5 14. Qe2 b5 15. Nd6
Bxd6 16. exd6 c4 17. Ne5 c3 18. Ba3 Nxe5 19. dxe5 Qa5 20. d7 Qxa3 21. dxc8=Q
Rxc8 22. Qxb5 Ba6 23. Qd7 Qc5 24. Rfe1 Nb4 25. Be4 Bb5 26. Qd6 Qxd6 27. exd6 f5
28. a3 fxe4 29. axb4 c2 30. Rac1 Bd3 31. Re3 Rd8 32. f3 Rxd6 33. fxe4 e5 34. Kf2
Rd4 35. Rxd3 1/2-1/2

[Event "26th Abu Dhabi Masters"]
[Site "Abu Dhabi UAE"]
[Date "2019.08.09"]
[Round "8.11"]
[White "Kryvoruchko, Yuriy"]
[Black "Paichadze, Luka"]
[Result "1/2-1/2"]
[WhiteTitle "GM"]
[BlackTitle "GM"]
[WhiteElo "2686"]
[BlackElo "2570"]
[WhiteFideId "14109182"]
[BlackFideId "13602934"]
[EventDate "2019.08.02"]

1. e4 c6 2. d4 d5 3. e5 c5 4. Nf3 Nc6 5. dxc5 Bg4 6. Bb5 e6 7. b4 Ne7 8. O-O a6
9. Ba4 Ng6 10. Nbd2 Nxe5 11. Bb2 Nxf3+ 12. Nxf3 Be7 13. c4 O-O 14. cxd5 exd5 15.
h3 Bxf3 16. Qxf3 Bf6 17. Bxf6 Qxf6 18. Qxd5 Rfd8 19. Bxc6 Rxd5 20. Bxd5 Rb8 21.
Rfd1 h5 22. Rab1 Qe7 23. Bf3 h4 24. Rd6 Rc8 25. Kf1 Rc7 26. Re1 Qg5 27. Rb6 a5
28. a3 Qd2 29. Bxb7 Qd3+ 30. Kg1 Qxa3 31. Be4 g6 32. c6 Qc3 33. Rf1 Re7 34. Bd5
axb4 35. Rb7 Kf8 36. Rb8+ Kg7 37. Rb7 Kf8 38. Rb8+ Kg7 39. Rb7 Re1 40. Bc4 Rxf1+
41. Bxf1 Qxc6 42. Rxb4 g5 43. Rb3 Qc5 44. g4 hxg3 45. Rxg3 Kh6 46. Re3 f5 47.
Re6+ Kg7 48. Re3 f4 49. Rb3 Qc1 50. Kg2 Qc6+ 51. Kg1 f3 52. Rb4 Qc1 53. Rc4 Qd2
54. Rg4 Kh6 55. Rc4 Kg7 56. Rg4 Kh6 57. Rc4 1/2-1/2

[Event "26th Abu Dhabi Masters"]
[Site "Abu Dhabi UAE"]
[Date "2019.08.09"]
[Round "8.12"]
[White "Shevchenko, Kirill"]
[Black "Salem, A.R. Saleh"]
[Result "0-1"]
[WhiteTitle "GM"]
[BlackTitle "GM"]
[WhiteElo "2556"]
[BlackElo "2668"]
[WhiteFideId "14129574"]
[BlackFideId "9301348"]
[EventDate "2019.08.02"]

1. c4 g6 2. Nc3 c5 3. g3 Bg7 4. Bg2 Nc6 5. Nf3 d6 6. O-O e6 7. e3 Nge7 8. d4 O-O
9. d5 Na5 10. Nd2 exd5 11. Nxd5 Nxd5 12. cxd5 b5 13. Re1 Rb8 14. Rb1 Nc4 15. a4
Ne5 16. Qc2 bxa4 17. f4 Ng4 18. Qxa4 Re8 19. Nf1 Bf5 20. Ra1 Bxb2 21. Bxb2 Rxb2
22. e4 Rb4 23. Qc2 Qb6 24. Re2 Rbxe4 25. Bxe4 c4+ 26. Kg2 Bxe4+ 27. Rxe4 Rxe4
28. Kf3 f5 29. Rb1 Qd4 30. Rd1 Qg1 31. h3 Qh1+ 32. Qg2 Re2 0-1

[Event "26th Abu Dhabi Masters"]
[Site "Abu Dhabi UAE"]
[Date "2019.08.09"]
[Round "8.13"]
[White "Sanal, Vahap"]
[Black "Onischuk, Vladimir"]
[Result "1-0"]
[WhiteTitle "GM"]
[BlackTitle "GM"]
[WhiteElo "2535"]
[BlackElo "2640"]
[WhiteFideId "6300545"]
[BlackFideId "14114038"]
[EventDate "2019.08.02"]

1. e4 d6 2. d4 Nf6 3. Nc3 g6 4. Nf3 Bg7 5. Bg5 c6 6. Qe2 h6 7. Bf4 Nh5 8. Be3 e5
9. O-O-O Qe7 10. Qd2 Nd7 11. g4 Nhf6 12. g5 Ng4 13. gxh6 Bf8 14. Kb1 Nxe3 15.
fxe3 Bxh6 16. Bh3 exd4 17. Bxd7+ Bxd7 18. Qxd4 Rh7 19. Rhg1 Bg7 20. Qb4 Be6 21.
h4 Rh5 22. a4 Rc5 23. e5 a5 24. Qa3 Bxe5 25. Ne4 Rd5 26. Rdf1 Bh8 27. c4 Bf5 28.
cxd5 Bxe4+ 29. Ka1 Bxd5 30. Ng5 f5 31. h5 gxh5 32. Rxf5 O-O-O 33. e4 Bg8 34.
Rxa5 Bd4 35. Rd1 Bc5 36. Qg3 b6 37. Ra8+ Kb7 38. Rxd8 Qxd8 39. e5 Qa8 40. b3 Bd5
41. e6 Qh8+ 42. Ka2 h4 43. Qe1 Qa8 44. Qxh4 b5 45. Rxd5 cxd5 46. e7 Qe8 47. Ne6
bxa4 48. Nxc5+ dxc5 49. bxa4 Qg6 50. Qf2 Qe4 51. Qxc5 Qxa4+ 52. Kb2 Qd7 53. Qb4+
Kc8 54. Qc5+ Kb7 55. Kc1 d4 56. Kd2 d3 57. Qb4+ Ka6 58. Qe4 Qe8 59. Qxd3+ Kb7
60. Qd8 1-0

[Event "26th Abu Dhabi Masters"]
[Site "Abu Dhabi UAE"]
[Date "2019.08.09"]
[Round "8.14"]
[White "Volokitin, Andrei"]
[Black "Aryan, Chopra"]
[Result "0-1"]
[WhiteTitle "GM"]
[BlackTitle "GM"]
[WhiteElo "2636"]
[BlackElo "2553"]
[WhiteFideId "14107090"]
[BlackFideId "5084423"]
[EventDate "2019.08.02"]

1. e4 e6 2. d4 d5 3. Nc3 Nf6 4. e5 Nfd7 5. f4 c5 6. Nf3 Nc6 7. Be3 cxd4 8. Nxd4
Qb6 9. Qd2 Qxb2 10. Rb1 Qa3 11. Bb5 Nxd4 12. Bxd4 a6 13. Bxd7+ Bxd7 14. Rb3 Qe7
15. Rxb7 Rc8 16. O-O Qd8 17. Rfb1 Bc5 18. Bxc5 Rxc5 19. f5 Qa5 20. R1b4 exf5 21.
Qd4 Bc8 22. e6 O-O 23. exf7+ Rxf7 24. Rxf7 Kxf7 25. h3 Rc7 26. Nxd5 Rd7 27. Qc3
Rxd5 28. Kh2 Qc5 29. Rc4 Qd6+ 0-1

[Event "26th Abu Dhabi Masters"]
[Site "Abu Dhabi UAE"]
[Date "2019.08.09"]
[Round "8.15"]
[White "Bai, Jinshi"]
[Black "Xu, Yi"]
[Result "1/2-1/2"]
[WhiteTitle "GM"]
[BlackTitle "GM"]
[WhiteElo "2599"]
[BlackElo "2531"]
[WhiteFideId "8602280"]
[BlackFideId "8605564"]
[EventDate "2019.08.02"]

1. d4 Nf6 2. c4 e6 3. Nc3 Bb4 4. Nf3 d5 5. Bg5 h6 6. Bxf6 Qxf6 7. Qa4+ Nc6 8. e3
O-O 9. Be2 Bd7 10. Qb3 dxc4 11. Qxc4 Qg6 12. O-O Bd6 13. Rac1 Na5 14. Qd3 Qxd3
15. Bxd3 Nc6 16. Rfd1 Rfd8 17. Be2 Be8 18. Nd2 Nb4 19. Nde4 Bf8 20. a3 Nd5 21.
Nc5 Bxc5 22. Nxd5 Rxd5 23. Rxc5 Rxc5 24. dxc5 Kf8 25. Bf3 Rb8 26. b4 Ke7 27. h4
b6 28. Rc1 Rd8 29. cxb6 cxb6 30. Rc7+ Rd7 31. Rc8 Rd3 32. Rc7+ Rd7 33. Rc8 Rd8
34. Rc7+ 1/2-1/2

[Event "26th Abu Dhabi Masters"]
[Site "Abu Dhabi UAE"]
[Date "2019.08.09"]
[Round "8.16"]
[White "Petrov, Nikita"]
[Black "Sindarov, Javokhir"]
[Result "1/2-1/2"]
[WhiteTitle "GM"]
[BlackTitle "GM"]
[WhiteElo "2595"]
[BlackElo "2507"]
[WhiteFideId "4101286"]
[BlackFideId "14205483"]
[EventDate "2019.08.02"]

1. e4 e5 2. Nf3 Nf6 3. Nxe5 d6 4. Nf3 Nxe4 5. Nc3 Nxc3 6. dxc3 Be7 7. Be3 O-O 8.
Bc4 Nd7 9. Qe2 c6 10. O-O-O d5 11. Bd3 Nc5 12. Nd4 Nxd3+ 13. Qxd3 Bf6 14. h4 Re8
15. Kb1 h6 16. g4 Bxg4 17. Rdg1 Qd7 18. Bxh6 c5 19. f3 Bh5 20. Ne2 Bg6 21. Qd1
d4 22. h5 Bxc2+ 23. Qxc2 d3 24. Qd1 Rxe2 25. Bxg7 Bxg7 26. h6 Qb5 27. Qb3 Qxb3
28. axb3 f6 29. Rxg7+ Kh8 30. Rd7 Re3 31. Rg1 Rg8 32. Rxg8+ Kxg8 33. Kc1 b5 34.
c4 b4 35. Rxa7 Rxf3 36. Rc7 Rf2 37. Rxc5 Rc2+ 38. Kb1 Rd2 39. Kc1 Rc2+ 40. Kb1
Rd2 41. Kc1 Rc2+ 1/2-1/2

[Event "26th Abu Dhabi Masters"]
[Site "Abu Dhabi UAE"]
[Date "2019.08.09"]
[Round "8.17"]
[White "Vaibhav, Suri"]
[Black "Shyaamnikhil, P"]
[Result "1/2-1/2"]
[WhiteTitle "GM"]
[BlackTitle "IM"]
[WhiteElo "2591"]
[BlackElo "2457"]
[WhiteFideId "5045185"]
[BlackFideId "5024218"]
[EventDate "2019.08.02"]

1. e4 c5 2. Nf3 Nc6 3. Bb5 d6 4. O-O Bd7 5. Re1 a6 6. Bxc6 Bxc6 7. d4 cxd4 8.
Nxd4 Rc8 9. c4 Bd7 10. b3 Nf6 11. Qd3 g6 12. Nc3 Bg7 13. Bg5 h6 14. Bh4 Ng4 15.
Rad1 Ne5 16. Qd2 Nc6 17. Nxc6 Bxc6 18. f4 g5 19. fxg5 Qa5 20. Nd5 Qxd2 21. Rxd2
Bxd5 22. Rxd5 Be5 23. h3 hxg5 24. Bxg5 Kd7 25. Be3 Rcg8 26. Kf1 Rh4 27. Bf2 Rf4
28. Rd3 Ke6 29. g3 Rf6 30. Kg2 Rh6 31. g4 f6 32. a4 Rb8 33. a5 Rg8 34. Red1 Rgh8
35. b4 Rc8 36. c5 Rhh8 37. h4 Rc7 38. Kf3 Rhc8 39. h5 Kf7 40. Be3 Rc6 41. Rd5
Ke6 42. Rb1 Kf7 43. b5 axb5 44. Rxb5 dxc5 45. Rdxc5 Rxc5 46. Bxc5 Rc7 47. Ke3
Bh2 48. Kd3 Bg3 49. Bd4 Be1 50. Ke2 Rc4 51. Kd3 Ra4 52. Bb6 Ra3+ 53. Ke2 Bc3 54.
Bc7 Ke8 55. Bb6 Kf7 56. Kd1 Ra2 57. Bc7 Ke8 58. Kc1 Be1 59. Kb1 Ra4 60. h6 Kf7
61. h7 Kg7 62. Rh5 Kh8 63. g5 Rxe4 64. gxf6 exf6 65. Bd8 Bc3 66. Kc2 Be5 67. Rh6
Rd4 68. Bxf6+ Bxf6 69. Rxf6 Rd5 1/2-1/2

[Event "26th Abu Dhabi Masters"]
[Site "Abu Dhabi UAE"]
[Date "2019.08.09"]
[Round "8.18"]
[White "Nguyen, Anh Khoi"]
[Black "Santos Latasa, Jaime"]
[Result "1/2-1/2"]
[WhiteTitle "IM"]
[BlackTitle "GM"]
[WhiteElo "2529"]
[BlackElo "2586"]
[WhiteFideId "12404675"]
[BlackFideId "2293307"]
[EventDate "2019.08.02"]

1. d4 Nf6 2. c4 g6 3. Nc3 Bg7 4. e4 d6 5. h3 O-O 6. Be3 c6 7. Nf3 Na6 8. Rc1 Nc7
9. Bd3 b5 10. cxb5 cxb5 11. O-O Bb7 12. a3 a6 13. d5 Qd7 14. Nd4 e6 15. dxe6
Nxe6 16. Nxe6 Qxe6 17. Bd4 Rfe8 18. Re1 Nd7 19. Bxg7 Kxg7 20. Bxb5 axb5 21. Nxb5
Nf6 22. Nc7 Qe5 23. f3 Reb8 24. Nxa8 Bxa8 25. b4 d5 26. exd5 Qb2 27. Qd3 Nxd5
28. Qe2 Qd4+ 29. Qf2 Qf6 30. Rcd1 Kg8 31. Qd4 Qa6 1/2-1/2

[Event "26th Abu Dhabi Masters"]
[Site "Abu Dhabi UAE"]
[Date "2019.08.09"]
[Round "8.19"]
[White "Kuybokarov, Temur"]
[Black "Idani, Pouya"]
[Result "1/2-1/2"]
[WhiteTitle "GM"]
[BlackTitle "GM"]
[WhiteElo "2511"]
[BlackElo "2581"]
[WhiteFideId "14203049"]
[BlackFideId "12510130"]
[EventDate "2019.08.02"]

1. d4 Nf6 2. c4 e6 3. Nf3 d5 4. Nc3 Bb4 5. Bg5 dxc4 6. e4 b5 7. a4 c5 8. axb5
cxd4 9. Bxf6 Qxf6 10. Qxd4 Qxd4 11. Nxd4 Bb7 12. Bxc4 Bxe4 13. O-O Bb7 14. Ra4
Bc5 15. Nb3 Nd7 16. Nxc5 Nxc5 17. Ra2 O-O-O 18. b3 Kb8 19. Rfa1 Rd6 20. Rxa7 Rc8
21. f3 f5 22. Ne2 e5 23. R7a2 Rcd8 24. Nc3 g5 25. Re2 e4 26. fxe4 Nxe4 27. Nxe4
Bxe4 28. h3 h5 29. Rae1 Rd4 30. Kf2 h4 31. Kg1 R8d6 1/2-1/2